Which U.S. State - Multiple Choice - Statistics

General Stats
  • This quiz has been taken 20,384 times
  • The average score is 10 of 15
Answer Stats
Question Answer % Correct
Which state was an independent country for 9 years? Texas
91%
Which state is landlocked? Arkansas
87%
Which state borders the Great Lakes? New York
79%
Which state has a mountain higher than 14,000 feet? Washington
78%
Which state has a flag that looks like this?
Maryland
74%
Which state has the higher population? Pennsylvania
74%
Which state cannot claim to be the birthplace of a U.S. President? Florida
66%
Which state is in the top 10 for crude oil production? North Dakota
66%
In which state would you find the source of the Mississippi River? Minnesota
65%
Which state was NOT one of the original 13 colonies? Maine
60%
Which state never seceded during the Civil War? Kentucky
58%
Which state has a capital city that starts with O? Washington
58%
Which state has NEVER hosted the Olympic Games? Illinois
56%
Which state doesn't have a city named Springfield with a population of at least 10,000? Kentucky
50%
Which state is the richest in the U.S. by average household income? Maryland
47%
No matching quizzes found
Score Distribution
Percent of People with Each Score
Percentile by Number Answered
Your Score History
You have not taken this quiz